[Event "Championnat 13"]
[Site "Vitrolles"]
[Date "2012.12.01"]
[Round "4"]
[White "Parroco, Pierre-Jean"]
[Black "Beraud, Robert"]
[Result "1-0"]
[WhiteElo "1713"]
[BlackElo "1735"]
[Annotator "Gozzoli,Y"]
[PlyCount "75"]
[EventDate "2012.??.??"]
[EventType "swiss"]
[EventRounds "6"]
[EventCountry "FRA"]
[SourceDate "2005.09.12"]

1. e4 c5 2. Nc3 Nc6 3. g3 g6 4. Bg2 Bg7 5. d3 d6 6. Be3 e5 7. Qd2 Nge7 (7...
Be6 $5 {avec l'idée de différer le développement du Ng8, pour ne pas permettre
un rapide Bh6, est intéressant.}) 8. Bh6 O-O (8... Bxh6 $5 9. Qxh6 Nd4 10.
O-O-O Ng8 $1 11. Qg7 Qf6 12. Qxf6 Nxf6 $11) 9. h4 Bxh6 10. Qxh6 f6 11. Nge2 Nd4
12. Qd2 Bg4 $15 {Diagramme [#] après cette série de coups forcés, les Noirs
ont obtenu une superbe position avec une forte initiative.} 13. Nxd4 cxd4 14.
Ne2 Qb6 15. c4 Bxe2 $6 {échange une pièce active contre un Ne2 qui ne
disposait seulement que des cases g1 et c1 !} (15... f5 $1 {était plus dans
l'idée, c'est à dire profiter de l'avantage de développement pour attaquer !}
16. f3 fxe4 $1 17. fxg4 e3 18. Qc2 Rf2 19. Bh3 (19. Be4 Qb4+ 20. Kd1 Raf8 $19)
19... Qa5+ (19... Raf8 20. O-O-O Rxe2 21. Qxe2 Rf2 22. Qxf2 exf2 23. Rhf1 $15)
20. Kd1 Nc6 $19) 16. Kxe2 a5 $6 (16... h5 {pour empêcher l'affaiblissement des
cases blanches était nécessaire.}) 17. b3 (17. h5 $1 g5 18. h6 Kh8 19. a3 $14 {
suivi de l'arrivée du B en h3 était désagréable.}) 17... Qb4 18. a3 Qxd2+ 19.
Kxd2 $11 Nc6 20. Bh3 f5 $6 (20... Kf7 {gardant une structure solide était plus
logique.}) 21. exf5 $1 gxf5 22. Rae1 $6 (22. f4 $1 {fixe la faiblesse en f5
était très fort.}) 22... Rae8 (22... e4 $1 23. f4 $13 (23. dxe4 fxe4 24. Rhf1
a4 $1 25. b4 Rf3 $13)) 23. Re2 (23. f4 $1 e4 24. dxe4 fxe4 25. Bg2 $1 e3+ 26.
Kd3 $16) 23... Kg7 $6 (23... e4 $1 {était encore nécessaire !} 24. dxe4 fxe4
25. Bg2 Rxf2 $1 26. Rxf2 e3+ 27. Ke2 exf2+ 28. Kxf2 Rf8+ 29. Ke2 Re8+ 30. Kf2
$11 (30. Kd2 $2 Re3 $15)) 24. Rhe1 (24. f4 $1) 24... Kf6 25. Bg2 Re7 26. Rg1 h6
27. Bd5 Nb8 $2 (27... Rc8 $14) 28. f4 $1 b6 $2 (28... h5 $8) 29. g4 $1 $18 Nd7
30. gxf5 Rg7 31. Rxg7 Kxg7 32. Rg2+ Kf6 33. Be6 Nc5 34. Rg6+ $1 Ke7 35. fxe5
dxe5 36. b4 $1 axb4 37. axb4 Nd7 38. Rg7+ 1-0

[Event "Championnat 13"]
[Site "Vitrolles"]
[Date "2012.11.07"]
[Round "4"]
[White "Muhajiz, Gibran"]
[Black "Charvein, Gabriel"]
[Result "0-1"]
[WhiteElo "1444"]
[BlackElo "1813"]
[Annotator "Gozzoli,Y"]
[PlyCount "82"]
[EventDate "2012.??.??"]
[EventType "swiss"]
[EventRounds "6"]
[EventCountry "FRA"]
[SourceDate "2005.09.12"]

1. e4 g6 2. Nf3 $6 (2. d4 $1) 2... Bg7 3. d4 d6 4. Bc4 Nf6 5. Nc3 $6 {ce
dispositif avec Bc4-Nc3 permet une combinaison thématique qui libère la
position noire.} (5. Qe2 $142) 5... O-O (5... Nxe4 $1 6. Nxe4 (6. Bxf7+ Kxf7 7.
Nxe4 Rf8 $15) 6... d5 7. Bd3 dxe4 8. Bxe4 O-O 9. O-O Nd7 $11) 6. h3 $6 {permet
encore le thème !} (6. Qe2) 6... Nc6 $6 (6... Nxe4 $1 7. Nxe4 d5 8. Bd3 dxe4 9.
Bxe4 c5 $1 $36) 7. O-O $6 (7. d5 $5 Na5 8. Be2 c6 9. O-O $14) 7... e5 (7...
Nxe4 $1 {One more time !} 8. Nxe4 d5 $15) 8. d5 Ne7 9. Be3 h6 $6 {Un
affaiblissement important.} (9... c6) 10. Qd2 Kh7 11. Ne1 Nxe4 $5 {Finalement
! Mais cette fois l'évaluation est différente !} 12. Nxe4 f5 13. Ng5+ $6 (13.
f3 $1 {stabilisant le centre donnait un solide avantage aux Blancs.} fxe4 14.
fxe4 Rxf1+ 15. Bxf1 $14 {et j'ai beaucoup de peine pour le Bg7 et le Ne7 alors
que les Blancs vont mettre en marche leur marée de pions à l'aile-Q.}) 13...
hxg5 14. Bxg5 Bf6 $6 (14... c6 $1 $15) 15. h4 $6 (15. Nf3 $11) 15... Bxg5 16.
Qxg5 Ng8 (16... Kg7 $1 17. Nf3 Rh8 $36) 17. Nf3 Nf6 (17... Qxg5 18. Nxg5+ Kg7
$11 {/=+}) 18. Nd2 $6 {g5 est la case du N.} (18. Qe3 Kg7 19. Ng5 $13) 18... c6
(18... Bd7 $15 {/\ Kg7-Rh8-Qe7}) 19. dxc6 bxc6 20. f4 $2 (20. Rad1 d5 21. Be2
$13 {Les Blancs peuvent attaquer le centre noir par c2-c4}) 20... e4 $17 {
Diagramme [#] Maintenant les Noirs ont stabilisé la position, et leurs pions
centraux vont faire la différence.} 21. Rfe1 d5 22. Be2 Qb6+ 23. Kh1 Qxb2 24.
h5 $6 {Les Blancs tentent leur dernière cartouche.. et celà a bien failli
réussir !} gxh5 25. Bxh5 Nxh5 26. Qxh5+ Kg7 27. Qg5+ Kf7 28. Qh5+ Ke7 29. Qh7+
Kd6 $4 {Une énorme gaffe qui perd sur le champ !} (29... Kd8 $19 {gagnait
facilement.}) 30. Qg6+ $4 (30. Nc4+ $3 {mettait imméditement fin à la partie.}
dxc4 31. Rad1+ Kc5 (31... Ke6 32. g4 $3 Rh8 (32... fxg4 33. Rxe4+ Kf6 34. Rd6+
Be6 35. Rdxe6#) 33. gxf5+ Kf6 34. Rd6+ Be6 35. Rxe6#) 32. Qe7+ Kb6 33. Rb1 $18)
30... Qf6 $19 {Les Blancs n'auront plus d'autres chances.} (30... Be6 $142) 31.
Qg3 Rh8+ 32. Kg1 Qd4+ 33. Qe3 Qxe3+ 34. Rxe3 d4 35. Rg3 Be6 36. Rg6 Rag8 (36...
Rhg8 $142) 37. Nc4+ Kd5 38. Ne5 (38. Ne3+ $5 dxe3 39. Rd1+ Kc4 40. Rxe6 $17 {
était plus tenace et posait des problèmes techniques aux Noirs}) 38... Rxg6 39.
Nxg6 Rb8 40. Ne7+ Kd6 41. Ng6 Rb2 0-1

[Event "Championnat 13"]
[Site "Vitrolles"]
[Date "2012.11.10"]
[Round "3"]
[White "Dudognon, Thibault"]
[Black "Battaglia, Gerard"]
[Result "1-0"]
[WhiteElo "1906"]
[BlackElo "1850"]
[Annotator "Gozzoli,Y"]
[PlyCount "29"]
[EventDate "2012.??.??"]
[EventType "swiss"]
[EventRounds "6"]
[EventCountry "FRA"]
[SourceDate "2005.09.12"]

1. e4 e5 2. Nf3 d6 {la Défense Philidor} 3. Bc4 $6 {imprécis à mon goût.} (3.
d4 {est plus commun.} exd4 $5 (3... Nd7 4. Nc3 Ngf6 5. Bc4 Be7 {mène à la
Philidor chère à Christian Bauer}) 4. Nxd4 (4. Qxd4 $5) 4... Nf6 5. Nc3 Be7 {
mène au traitement plus moderne de la Philidor.}) 3... Be7 4. d4 exd4 5. Nxd4
Nf6 6. Nc3 {Nous obtenons par intervention de coup la variante moderne de la
Philidor. Cependant le coup Bc4 n'est pas le meilleur contre ce système.} Nxe4
$2 {Une faute tactique qui donne l'initiative aux Blancs.} (6... O-O 7. O-O c6
$11) 7. Qh5 $1 O-O $4 (7... d5 $8 $16) 8. Nxe4 $18 g6 9. Qh6 $2 (9. Qa5 $1 c5 (
9... b6 10. Qd5 $18) 10. Qxd8 Rxd8 11. Nb5 d5 12. Bxd5 Rxd5 13. Nc7 Re5 14. f3
$18) 9... d5 $1 10. Ng5 Bxg5 11. Bxg5 f6 12. O-O-O fxg5 13. Nf3 c6 14. Nxg5 {
après cette séquence de coups forcés, les Blancs ont une position plaisante
mais les Noirs peuvent encore se battre. Mais les Noirs vont immédiatement
craquer.} Qc7 $4 {Diagramme [#]} (14... Qe7 15. Rhe1 Qg7 16. Qxg7+ Kxg7 17. Bd3
$14) 15. Rxd5 $1 {les Blancs matent dans toutes les variantes !} 1-0

[Event "Championnat 13"]
[Site "Vitrolles"]
[Date "2012.11.10"]
[Round "3"]
[White "Busson, Benoist"]
[Black "Anton, Jose"]
[Result "1-0"]
[WhiteElo "1943"]
[BlackElo "1890"]
[Annotator "Gozzoli,Y"]
[PlyCount "29"]
[EventDate "2012.??.??"]
[EventType "swiss"]
[EventRounds "6"]
[EventCountry "FRA"]
[SourceDate "2005.09.12"]

1. e4 c5 2. b4 {le Gambit de l'Aile, douteux mais très dangereux d'un point de
vue pratique ! Les deux joueurs semblent être très au courant de la théorie de
cette ouverture puisqu'ils vont jouer lune des lignes principales !} cxb4 3. a3
d5 4. exd5 Qxd5 5. Nf3 e5 6. Bb2 (6. axb4 Bxb4 7. c3 {est une autre
possibilité.}) 6... Nc6 7. c4 Qe4+ {Cet échec me semble douteux puisque la Q
noire va se retrouver exposer au développement des pièces blanches (ce qui est
un peu le problème de 3...d5)} (7... Qe6 {est aussi possible et probablement
meilleur.}) 8. Be2 Nf6 9. O-O $44 {Diagramme [#] Les Blancs ont mis leur K à
l'abri et vont maintenant ouvrir le le centre pour attaquer le K adverse.} Bd6
(9... bxa3 10. Nxa3 Bc5 {semble meilleur bien qu'après} 11. Nxe5 Nxe5 12. d4 {
les Blancs ont d'excellentes compensations.}) 10. d4 $6 {imprécis.} (10. axb4
$5 {semble meilleur, par exemple} Bxb4 11. Nc3 Bxc3 (11... Qg6 $6 12. Nd5 $1
$40) 12. Bxc3 O-O 13. d3 Qf4 14. g3 Qf5 15. Nxe5 Nxe5 16. Ra5 $36) 10... exd4
11. Nxd4 Nxd4 $6 (11... Qe5 $1 12. g3 (12. f4 Qe7 $15) 12... O-O $15) 12. Bxd4
Qe7 $2 (12... O-O 13. axb4 Bxh2+ 14. Kxh2 Rd8 15. Nc3 Qf4+ 16. g3 Qxd4 17. Qxd4
Rxd4 18. Rfd1 Rxd1 19. Rxd1 Be6 20. c5 $132) 13. c5 $1 $16 Bxc5 $4 {la faute
décisive.} (13... Bc7 14. Bb5+ Kf8 15. axb4 $16) 14. Bb5+ Kf8 15. Bxc5 1-0

[Event "Championnat 13"]
[Site "Vitrolles"]
[Date "2012.11.10"]
[Round "3"]
[White "Chauvet, Jean-Marc"]
[Black "Faure, Alexandre"]
[Result "1-0"]
[WhiteElo "1943"]
[BlackElo "1815"]
[Annotator "Chauvet,V"]
[PlyCount "41"]
[EventDate "2012.??.??"]
[EventType "swiss"]
[EventRounds "6"]
[EventCountry "FRA"]
[SourceDate "2005.09.12"]

1. e4 e6 {Le choix d'ouverture n'est pas une surprise, puisque la partie
oppose deux joueurs de française.} 2. d4 d5 3. e5 c5 4. c3 Qb6 5. Nf3 Nc6 6. a3
{Les blancs ont pour objectif de pousser b4 afin de prendre de l'espace à
l'aile dame et contester la case c5.} c4 {Les noirs empêchent b4 et prennent
le contrôle de l'importante case b3.} (6... Bd7 7. b4 cxd4 8. cxd4 Rc8 9. Bb2
Nh6 {est une autre possibilité qui permet aux noirs de garder la pression au
centre.}) 7. Nbd2 Na5 8. g3 Bd7 9. h4 {Les blancs prennent de l'espace à
l'aile roi pour préparer Bh3 dans de bonnes conditions.} f5 $6 {Ce coup limite
le choix des noirs, après O-O-O, les noirs gardent de la souplesse par rapport
à leur structure de pions, et surtout l'option d'une rupture centrale par f6.}
10. exf6 gxf6 11. Bh3 O-O-O 12. O-O Ne7 13. Re1 h6 $6 {Un coup passif qui
permet aux blancs de prendre l'initiative.} 14. b4 $1 {Les blancs ouvrent la
position à l'aile dame.} cxb3 15. Rb1 {[#]} f5 $2 {[%csl Ge5,Re6] Un coup
stratégiquement mauvais qui donne la case e5 et condamne le Pe6 à rester
arriéré.} 16. Ne5 Be8 17. Bf1 $6 {Les blancs relâchent la pression sur la
diagonale h3-c8 et laissent aux noirs une chance de revenir dans la partie.} ({
Les blancs peuvent simplement garder l'avantage par} 17. Nxb3) 17... Bg7 (17...
f4 $5 18. Nxb3 (18. gxf4 $2 Rg8+ 19. Kh1 Nf5 {les noirs prennent l'initiative
et obtiennent un net avantage.}) 18... fxg3 19. fxg3 Nf5 {Les blancs doivent
être précis pour conserver leur avantage.}) 18. Nd3 Bf7 19. Nxb3 Nxb3 20. Rxb3
Qc6 21. Nc5 {La position noire est perdue, les pièces blanches sont
harmonieusement placées pour attaquer à l'aile dame, tout en maintenant la
pression sur la colonne e.  Si les noirs jouent 21.b6 pour défendre le pion,
alors 22.Bb5 brise la position noire :   22.Qd6 23.Ba6+ suivi de 24.Bf4   22.
Qc7 23.Rxe6! 23.b6xc5 (23.Bxe6 24.Ba6+ 24.Kb8 25.Nxe6 25.Qd7 26.Bf4 + gagne)
23.Qe2 et l'attaque blanche est encore plus forte.} 1-0

[Event "Championnat 13"]
[Site "Vitrolles"]
[Date "2012.11.10"]
[Round "3"]
[White "Flores, Adrian"]
[Black "Aslan, Paul-Peter"]
[Result "1-0"]
[WhiteElo "1918"]
[BlackElo "1880"]
[Annotator "Gozzoli,Y"]
[PlyCount "54"]
[EventDate "2012.??.??"]
[EventType "swiss"]
[EventRounds "6"]
[EventCountry "FRA"]
[SourceDate "2005.09.12"]

1. d4 g6 2. c4 Bg7 3. Nc3 c5 4. Nf3 $6 {une imprécision importante qui donne
une très bonne position aux Noirs.} (4. d5 $142) 4... cxd4 5. Nxd4 Nc6 {et
contrairement à une Maroczy, les Blancs ne peuvent pas maintenir le N en d4
par Be3.} 6. Nxc6 $6 {Une faute qui donne maintenant l'avantage aux Noirs !} (
6. Nc2 {est plus logique !}) 6... bxc6 $15 {Les Blancs vont souffrir sur la
diagonale a1-h8, et plus particulièrement sur b2 et b3.} 7. e4 Nf6 (7... Rb8 $5
) 8. Be3 O-O 9. Be2 d6 $6 {Diagramme [#] trop stéréotypé. Les Noirs n'ont pas
pris conscience de leur avantage et ne vont pas exploité les atouts de leur
position.} (9... Rb8 $1 {posait de sérieux problèmes aux Blancs !} 10. Rb1 (10.
Qd2 $2 Nxe4 $1 {energique ! Il faut utilisé le manque de développement blanc.}
11. Nxe4 Rxb2 12. Qc1 f5 13. Ng3 Qa5+ 14. Kf1 Ba6 $40 {avec une très forte
attaque pour les Noirs !}) (10. Qc2 d5 $1) 10... d5 $1 $36 {typique dans ces
structures. Les pièces noires sont prêtes à l'ouverture de la position ce qui
n'est vraiment pas le cas de leurs homologues blanches !}) 10. O-O $11 {Les
Blancs ont maintenant égalisé.} Qc7 $6 {Le début des problèmes noirs. Ce n'est
pas le coup en lui même qui en est responsable c'est l'absence de plan qui va
avec !} 11. f3 Bd7 $6 {Voir note précédente !} (11... Rb8 12. Qd2 Nd7 {avec un
plan du genre Nc5-e6 puis c6-c5 pour installer une pièce en d4 était plus
consistant.}) 12. Qd2 {pendant ce temps, les Blancs améliorent et renforcent
leur position.} Rab8 13. Rab1 {Il n'était pas nécéssaire de mobiliser une R à
la défense de ce pion.} (13. b3 {suffisait amplement !} Qa5 14. Rac1 $14) 13...
Rb7 14. Bh6 $6 {l'échange de ce B ne fait qu'affaiblir les cases noires !} (14.
c5 $1 $14) 14... Rfb8 (14... Bxh6 $1 15. Qxh6 {maintenant les Blancs ont leur
Q éloigné du jeu. Ils vont donc devoir perdre un temps pour la ramener !} d5 $1
16. cxd5 cxd5 17. Nxd5 (17. exd5 Bf5 18. Rbc1 Rxb2 $15 {les Noirs sont mieux
grâce à leur structure de pions plus saine.}) 17... Nxd5 18. exd5 Bf5 19. Rbc1
Qe5 20. Rfe1 Qd4+ 21. Kh1 Rxb2 22. Bf1 $11 {les Noirs ont une meilleure
position mais les Blancs ont un peu de contre-jeu sur e7 ce qui leur assure un
certain équilibre.}) 15. Bxg7 Kxg7 16. Kh1 Rb4 $2 {une faute tactique qui
restera impunie !} 17. Rfd1 $2 (17. Nb5 $1 $16) 17... Qb7 $6 (17... Qa5 18. b3
R4b7 19. Qe3 $14 {/=. On se demande ce que font les deux R noires sur cette
colonne !}) 18. b3 $16 {Maintenant les Noirs doivent justifier d'avoir mal
placé leurs pièces pour provoquer b2-b3 !} a5 (18... c5 {était un moindre mal.}
) 19. Bd3 $6 {Quelle idée ?} (19. Nb5 $1 cxb5 20. a3 $16) 19... c5 (19... Qa7
$1 $132 {pouvait être une justification à la poussée a7-a5. La Q noire se
dirige vers la case c5 d'où elle sera plus active !}) 20. Qe1 Rb6 21. Bc2 Qc7
22. Nd5 Nxd5 23. exd5 {Les deux joueurs ne semblent pas avoir été très inspiré
dans cette partie ! La position est maintenant dynamiquement équilibrée.} Be8
$6 {trop passif !} (23... a4 $1 24. Qxe7 Re8 25. Qg5 Re2 26. Qc1 Qd8 $44 {et
l'activité des pièces noires compensent le pion de moins. De plus, le Bc2 est
"mauvais".}) 24. Qxa5 $16 Qb7 25. Qc3+ Kg8 26. Re1 Ra6 27. a4 Rb6 {Perte au
temps ? Cette partie montre l'importance de toujours avoir un plan et de
comprendre les idées découlant des ouvertures.} 1-0

[Event "Championnat 13"]
[Site "Vitrolles"]
[Date "2012.11.10"]
[Round "3"]
[White "Danielan, Kevin"]
[Black "Estevez, Eric"]
[Result "0-1"]
[WhiteElo "1785"]
[BlackElo "1980"]
[Annotator "Gozzoli,Y"]
[PlyCount "57"]
[EventDate "2012.??.??"]
[EventType "swiss"]
[EventRounds "6"]
[EventCountry "FRA"]
[SourceDate "2005.09.12"]

1. d4 e5 $6 {Le Gambit Englund ! Une spécialité de la famille Estevez !} 2.
dxe5 Nc6 3. Nf3 f6 (3... d6 {est plus critique.}) (3... Qe7 $6 {est connu mais
faux !}) 4. exf6 Nxf6 5. Nc3 $6 {je n'aime pas ce coup qui offre de nouvelles
options aux Noirs.} (5. e4 $1 {est la bonne réaction.}) ({Si on ne veut pas
rendre le pion,} 5. Bg5 $5 {est une option souple conservant de nombreuses
options de développement.}) 5... d5 6. Bg5 Bb4 {voilà l'inconvénient du 5ème
coup blanc. Maintenant les Noirs vont avoir du bonnes compensations si ils
continuent avec energie.} 7. e3 {Diagramme [#]} Bg4 $6 (7... h6 $1 8. Bh4 (8.
Bxf6 Qxf6 9. Qd2 Bg4 10. Be2 O-O-O $40 {prépare la poussée d5-d4.}) 8... g5 $1
9. Bg3 Ne4 $44) 8. Bb5 $6 (8. Be2 $142) 8... O-O 9. Bxc6 bxc6 $44 {la paire de
B, l'espace et l'avantage de développement donnent aux Noirs d'excellentes
compensations !} 10. Qd4 Bxc3+ $6 {pourquoi rendre la paire de B ?} (10... Bxf3
$1 11. gxf3 (11. Qxb4 Bxg2 12. Rg1 Bf3 $11) 11... c5 $1 $36) 11. Qxc3 $16 Qe8
12. Bxf6 Rxf6 13. Ne5 {Les Blancs ont maintenant un gros pion de plus ainsi
qu'une meilleure structure de pions.} h5 $6 {très affaiblissant et enlève la
case h5 à la Qe8.} (13... Bf5 $142 14. O-O Rh6) 14. h3 $5 Bc8 15. g4 $1 {
Diagramme [#] une excellente réaction. Le K blanc n'est plus en danger, les
Blancs profitent donc du coup ...h5 pour lancer une attaque contre le roque
noir.} c5 16. f4 d4 17. Qxc5 $18 dxe3 18. Qxe3 (18. O-O-O $1 {était plus
précis, le pion e3 pouvant être récupéré plus tard.}) 18... Qf8 19. O-O $6 {
Les Blancs sont toujours gagnants après ce coup mais se compliquent la tâche.}
(19. O-O-O $1 {était une nouvelle fois plus fort.} Rb8 (19... Rxf4 $4 20. Ng6
$18) 20. f5 {la position blanche est écrasante.}) 19... hxg4 20. hxg4 Rb6 21.
b3 $6 {pourquoi protéger le pion b2 ?} (21. Rad1 $1 Rxb2 22. Ng6 {gagne
immédiatement.}) 21... Qe7 22. Rf3 Rh6 23. g5 Rb6 {La position blanche est
encore clairement gagnante mais les Blancs vont "arrêter" de jouer.} 24. Kf2 $6
(24. f5 $1 $18) 24... Bf5 25. Rh1 Rd8 $4 (25... Re6 $142) 26. c3 $6 {On sent
la pression du temps sur les Blancs, depuis 3-4 coups ils ne jouent sans aucun
plan clair !} (26. Rh8+ $1 Kxh8 27. Ng6+ Bxg6 28. Qxe7 $18) 26... Qa3 27. Qe2 (
27. Kg3 $1 Qxa2 28. Rf2 Qxb3 29. Rfh2 $18) 27... Re6 28. Kg3 Qe7 29. Qe3 {Les
Blancs tombent au temps dans une position gagnante mais qui nécéssite
maintenant du travail ! Comme quoi le plus dur est vraiment de gagner une
partie gagnante !} (29. Qh2 $1 {mettait fin à la partie.} Rxe5 30. g6 $1 Bxg6
31. Qh8+ Kf7 32. fxe5+ Ke6 33. Qh3+ Kd5 34. Rd1+ Kc5 35. Rxd8 Qxd8 36. Qg4 $18)
0-1